Silný obchodný partner

Gigantický trh Číny sa teší veľkému záujmu výrobcov, predajcov investorov a turistov. Ekonomický rast a obchod v Číne. Nárast počtu vysokoškolákov v Číne. Najdôležitejší obchodní partneri Číny v roku 2004 v percentách. Čína a WTO. Čína, trh potravín a SIAL 2006 - najprestížnejší veľtrh potravín a ná...

Descripción completa

Guardado en:
Detalles Bibliográficos
Autor principal: Horská, Elena
Formato: Capítulo de libro
Lenguaje:eslovaco
Materias:
Etiquetas: Agregar Etiqueta
Sin Etiquetas, Sea el primero en etiquetar este registro!

MARC

LEADER 00000naa$a2200000$$$4500
001 0039825
005 20231108141016.2
041 0 |a slo 
044 |a SK 
245 1 0 |a Silný obchodný partner  |c Elena Horská 
520 |a Gigantický trh Číny sa teší veľkému záujmu výrobcov, predajcov investorov a turistov. Ekonomický rast a obchod v Číne. Nárast počtu vysokoškolákov v Číne. Najdôležitejší obchodní partneri Číny v roku 2004 v percentách. Čína a WTO. Čína, trh potravín a SIAL 2006 - najprestížnejší veľtrh potravín a nápojov. 
610 2 0 |a rast hospodársky 
610 2 0 |a produkt domáci hrubý 
610 2 0 |a obchod 
610 2 0 |a obchod medzinárodný 
610 2 0 |a partneri obchodní 
610 2 0 |a vysokoškoláci 
610 2 0 |a trh potravinový 
610 2 0 |a veľtrhy 
610 2 0 |a Čína 
610 2 0 |a Svetová obchodná organizácia 
100 1 |a Horská, Elena